Sports Quiz

Random Sports or Soccer Quiz

10 to 1: Sports Hall of Fame Quiz Stats

 Plays Quiz Updated Jun 26, 2017

Support Sporcle.
Go Orange.
Score 0/55 Timer 10:00
6 Plays Today
% Correct
John Elway
83%
Marshall Faulk
82.2%
Jerome Bettis
82%
Jackie Robinson
82%
Lou Gehrig
81%
Bill Russell
80.4%
Arnold Palmer
80.3%
Deacon Jones
77%
Dick 'Night Train' Lane
76.9%
Bobby Orr
76.8%
Gordie Howe
76%
Roberto Clemente
75.7%
Elgin Baylor
73.5%
Bob Cousy
73.3%
Billie Jean King
73.1%
John McEnroe
73%
Björn Borg
72.9%
Ernie Banks
72.3%
Art Shell
71.6%
Craig Biggio
71.2%
John Havlicek
71%
Y. A. Tittle
71%
Steffi Graf
70.9%
Bob McAdoo
70.7%
Catfish Hunter
70.6%
Alexi Lalas
68.7%
Don King
67.1%
Ryne Sandberg
67%
% Correct
Lee Petty
66.8%
Nick Faldo
66.2%
Annika Sörenstam
65.3%
Sammy Baugh
64.8%
Cale Yarborough
64.1%
Guy Lapointe
63.8%
Lee Trevino
63.6%
Pavel Bure
63.5%
Mel Ott
63.3%
Phil Esposito
62.2%
Hank Greenberg
61.6%
Chuck Taylor
60.7%
Paul Hornung
60.2%
Cheryl Miller
60.2%
Junior Johnson
57.3%
Meadowlark Lemon
56.8%
Stan Mikita
55.9%
Cobi Jones
54.2%
Edward J. DeBartolo, Jr.
52.9%
Rudolph 'Minnesota Fats' Wanderone Jr.
52.8%
Tim Horton
51.7%
Fireball Roberts
51.3%
Jack Johnson
47.6%
Michelle Akers
45.7%
Gene Sarazen
41.6%
Bruton Smith
40.5%
Wendell Scott
35.3%

You're not logged in!

Compare scores with friends on all Sporcle quizzes.
OR
Log In
Forgot?

From the Vault

Musical Groups By Members (1990s)

by caramba

Remember that time in the '90s when Metallica cut off all their hair? Still hurts to think about.
Remove Ads.
Support Sporcle.
Get the best of Sporcle when you Go Orange. This ad-free experience offers more features, more stats, and more fun while also helping to support Sporcle. Thank you for becoming a member.

Show Comments

Extras

Top Quizzes Today


Score Distribution

Your Account Isn't Verified!

In order to create a playlist on Sporcle, you need to verify the email address you used during registration. Go to your Sporcle Settings to finish the process.

Report this User

Report this user for behavior that violates our Community Guidelines.

Details: